Geography Quiz

Random Geography or City Quiz

Skyscraper Cities (1960s) Quiz Stats

 Plays Quiz Updated Nov 9, 2016

Challenge
Share
Tweet
Embed
Score 0/25 Timer 07:00
2 Plays Today
Number City % Correct
191New York
99.9%
42Chicago
94.6%
4Los Angeles
90.5%
5Boston
80%
6San Francisco
77.5%
9Dallas
74.8%
15Philadelphia
73.2%
5Houston
72.4%
10Detroit
65.8%
7Moscow
56.7%
3Toronto
55.3%
15Pittsburgh
54.5%
3Baltimore
51%
Number City % Correct
3Mexico City
47.8%
3Denver
46.5%
4Minneapolis
42.6%
6Montreal
41.7%
4Cincinnati
41.3%
5Kansas City
34.4%
3Buffalo
31.6%
4Rio de Janeiro
31.6%
3Buenos Aires
31.1%
11São Paulo
26.3%
3Newark
26%
4Milan
15.5%

You're not logged in!

Compare scores with friends on all Sporcle quizzes.
Join for Free
OR
Log In

You Might Also Like...

Show Comments

Extras

Top Quizzes Today


Score Distribution

Your Account Isn't Verified!

In order to create a playlist on Sporcle, you need to verify the email address you used during registration. Go to your Sporcle Settings to finish the process.

Report this User

Report this user for behavior that violates our Community Guidelines.

Details: